00912nam a22002417a 450000500170000001000130001702000100003003500130004003700160005304000120006908200150008110000260009624500840012226000360020627000670024230000280030950000420033765000590037965000670043894200240050599900190052995201220054820170124110026.0 aA-752189 c00.00 aA-752189 bCen Lib/Ret aDPLbEN a332.6bSHA aShanbhag, A N.920664 aIn the wonderland of investment :cby A. N. Shanbhagbassessment year 1996-97 / aMumbaibPopular Prakashanc1995 bMumbaia35-C, Pandit Madan Mohan Malaviya Mrag, Tardeoe400034 axxxviii,394p.c21cm(Hb) aIncludes bibliographical references  aInvestments -- India -- Handbooks, manuals, etc920665 aInvestment advisors -- India -- Handbooks, manuals, etc913476 2ddccENh332.6mSHA c127497d127497 00104070aLbLd2015-06-29eCen Lib/Retg0.00l0o332.6 SHApA-752189r2015-06-29 00:00:00t1v0.00w2015-06-29yEN